02398cam a2200325 450050000500170000004100080001704200070002510000280003270000270006024500950008726000180018250000070020052007340020752006170094169000250155869000100158369000290159369000400162269000340166269000180169669000350171469000100174969000190175969000330177869000230181169000250183478600840185985601080194399900210205120260329011532.0 afre adc10aMarsan, Mathieueauthor10aBrun, Cédriceauthor00aUn an de label Science avec et pour la société à l’Université Bordeaux Montaigne c2026.  a86 aUn an après sa labellisation Science avec et pour la société (SAPS), par le ministère de l’Enseignement supérieur et de la Recherche, l’Université Bordeaux Montaigne propose un point d’étape sous la forme d’un retour d’expérience. Coordonné avec la politique de la recherche de l’établissement, le label SAPS a permis une structuration nouvelle afin de construire une culture commune de la médiation. De l’accompagnement d’initiatives existantes à la création d’outils, ressources et nouveaux dispositifs à destination de la communauté scientifique, la labellisation SAPS s’affirme, sur cette première année, comme un vecteur de transformation culturelle de l’université. a‪One year after receiving the Science with and for Society (SAPS) label from the Ministry of Higher Education and Research, University Bordeaux Montaigne is offering an update in the form of a feedback report. Coordinated with the institution’s research policy, the SAPS label has enabled a new structure to be put in place in order to build a common culture of mediation. From supporting existing initiatives to creating tools, resources and new mechanisms for the scientific community, the SAPS label has established itself, in its first year, as a vehicle for cultural transformation at the university.‪ aculture scientifique alabel amédiation scientifique ascience avec et pour la société asciences humaines et sociales avulgarisation ahumanities and social sciences alabel apopularization ascience with and for society ascientific culture ascientific mediation0 nCommunication & Organisation | - | 2 | 2026-03-18 | p. 239-251 | 1168-554941uhttps://shs.cairn.info/revue-communication-et-organisation-2025-2-page-239?lang=fr&redirect-ssocas=7080 c1862631d1862631